| 000 | 00700nam a22002177a 4500 | ||
|---|---|---|---|
| 008 | 161026b xxu||||| |||| 00| 0 eng d | ||
| 020 | _a9780078110887 | ||
| 020 | _a0078110882 | ||
| 050 | _aHF 5636 .W674 2011 | ||
| 100 | _aWild, John J. | ||
| 245 |
_aFinancial and Managerial Accounting: _binformation for decisions/ _cJohn J. Wild, Ken W. Shaw and Barbara Chiappetta |
||
| 250 | _a4th ed. | ||
| 260 |
_aNew York: _bMcGraw-Hill, _c2011 |
||
| 300 |
_axxx, 1024p. : _bill. ; |
||
| 500 | _aIncludes index. | ||
| 650 | _aAccounting. | ||
| 650 | _aManagerial accounting. | ||
| 700 | _aShaw, Ken W. | ||
| 700 | _aChiappetta, Barbara | ||
| 942 |
_2lcc _cBOOKS _hHF 5636 .W674 2011 |
||
| 999 |
_c15123 _d15123 |
||